Sergio Ramírez: autobiografía de un exvicepresidente sandinista en tres actos /

Sábháilte in:
Sonraí bibleagrafaíochta
Príomhchruthaitheoir: Colín, José Juan
Rannpháirtithe: Ramírez, Sergio
Formáid: Téacs
Ábhair:
Clibeanna: Cuir clib leis
Níl clibeanna ann, Bí ar an gcéad duine le clib a chur leis an taifead seo!

MARC

LEADER 00000 a a2200000 04500
001 4961
003
040
100 |a Colín, José Juan  
245 |a Sergio Ramírez:   |b autobiografía de un exvicepresidente sandinista en tres actos /  |c José Juan Colín ; Sergio Ramírez 
650 |a BIBLIOGRAFIA  
650 |a LITERATURA  
700 |a Ramírez, Sergio  
773 |g número 8 Spring; páginas  
999 |c 40130  |d 40130